FAO legislative study N.21; rev.4 Coastal state requirements for foreign fishing,FAO legislative study N.21; rev.3
Guardat en:
| Autor principal: | |
|---|---|
| Format: | Llibre |
| Idioma: | Undetermined |
| Publicat: |
Geneva
FAO
1993
|
| Matèries: | |
| Etiquetes: |
Afegir etiqueta
Sense etiquetes, Sigues el primer a etiquetar aquest registre!
|
| Thư viện lưu trữ: | Trung tâm Học liệu Trường Đại học Cần Thơ |
|---|
| LEADER | 00601nam a2200193Ia 4500 | ||
|---|---|---|---|
| 001 | CTU_29058 | ||
| 008 | 210402s9999 xx 000 0 und d | ||
| 082 | |a 340 | ||
| 082 | |b F218/N.21.4 | ||
| 100 | |a FAO | ||
| 245 | 0 | |a FAO legislative study N.21; rev.4 | |
| 245 | 0 | |b Coastal state requirements for foreign fishing,FAO legislative study N.21; rev.3 | |
| 245 | 0 | |c FAO | |
| 260 | |a Geneva | ||
| 260 | |b FAO | ||
| 260 | |c 1993 | ||
| 650 | |a environmental law, international,natural resources | ||
| 904 | |i Nguyễn Quang Điền, 990310 | ||
| 980 | |a Trung tâm Học liệu Trường Đại học Cần Thơ | ||